000
00285nam a2200121Ia 4500
008
190216s9999||||xx |||||||||||||| ||und||
100
_a
Kovunni Nedungadi
245
0
_a
Malayalam-Keralakoumudi
260
_b
Poorna Pubs Kozhikode
300
_a
176
650
_a
Malayalam
942
_c
BK
999
_c
26872
_d
26872